Countries of Europe Letter Jumble Quiz - Statistics

General Stats
  • This quiz has been taken 15 times
  • The average score is 30 of 45
Answer Stats
Hint Answer % Correct
Asn Imanro San Marino
85%
Ipnas Spain
85%
Chzec Pilruecb Czech Republic
77%
Rdkenam Denmark
77%
Cnafer France
77%
Nrgemya Germany
77%
Eergec Greece
77%
Ytial Italy
77%
Ooksvo Kosovo
77%
Eietctslhnine Liechtenstein
77%
Muexbrlogu Luxembourg
77%
Rseiab Serbia
77%
Ruasita Austria
69%
Rbeulas Belarus
69%
Niobsa nad Zhvaeegrnio Bosnia and Herzegovina
69%
Abiulgra Bulgaria
69%
Nindfal Finland
69%
Tegra Atiirnb Great Britain
69%
Diaernl Ireland
69%
Taliav Latvia
69%
Naiualhti Lithuania
69%
Tmaal Malta
69%
Onalpd Poland
69%
Goptarul Portugal
69%
Ssurai Russia
69%
Klsiavoa Slovakia
69%
Dwnese Sweden
69%
Wdsliatrzen Switzerland
69%
Akeriun Ukraine
69%
Nivacat Tyic Vatican City
69%
Roardna Andorra
62%
Legumbi Belgium
62%
Lidnec Iceland
62%
Vomdlao Moldova
62%
Cmoona Monaco
62%
Nasteio Estonia
54%
Yhagunr Hungary
54%
Etldhrnnesna Netherlands
54%
Hrnot Ceinmaado North Macedonia
54%
Baanlai Albania
46%
Acaiort Croatia
46%
Egmnoteorn Montenegro
46%
Maroina Romania
46%
Nsalieov Slovenia
46%
Wnyora Norway
31%
No matching quizzes found
Score Distribution
Percent of People with Each Score
Percentile by Number Answered
Your Score History
You have not taken this quiz